| 000 | 00584cam a22002291 4500 | ||
|---|---|---|---|
| 001 | sa 64008136 | ||
| 003 | DLC | ||
| 005 | 20260227112052.0 | ||
| 008 | 950222s1963 ii 000 0 tamo | ||
| 010 | _asa 64008136 | ||
| 025 | _aPL480:I-T-594 | ||
| 035 | _a(OCoLC)32036252 | ||
| 040 |
_aDLC _cCU _dCU _dDLC |
||
| 042 | _apremarc | ||
| 050 | 0 | 0 |
_aBJ1533.P4 _bA3 |
| 100 | 1 |
_aAptur̲-R̲ahīm, Em. Ār. Em., _d1922- |
|
| 245 | 1 | 0 | _aViṭā muyar̲ci ver̲r̲ikku val̲i. |
| 260 | _c[1963] | ||
| 300 |
_a128 p. _c19 cm. |
||
| 500 | _aIn Tamil. | ||
| 650 | 0 | _aPerseverance (Ethics) | |
| 999 |
_c60710 _d60710 |
||